000
00295nam a22001217a 4500
008
160613b xxu||||| |||| 00| 0 eng d
020
_a
9780801666476
020
_a
0801666473
041
_a
eng
080
_a
618.2
245
_a
Basic geriatric nursing:
_c
Gloria Wold RN,BSN, MS;
942
_2
udc
_c
BK
999
_c
2461
_d
2461